MARC

LEADER 00000nam0a2200000 4500
001 154503
005 20231101221754.0
010 |a 9780750309974 
035 |a (RuTPU)RU\TPU\book\167593 
090 |a 154503 
100 |a 20090227d2008 k y0engy50 ba 
101 0 |a eng 
102 |a US 
105 |a a z 001zy 
200 1 |a Thermodynamics of the Glassy State  |f L. Leuzzi, T. M. Nieuwenhuizen 
210 |a New York  |c Taylor & Francis  |d 2008 
215 |a 344 p.  |c il. 
225 1 |a Series in Condensed Matter Physics 
320 |a Bibliography: p. 319-338. 
320 |a Index: p. 339-343. 
606 1 |a Термодинамика  |2 stltpush  |3 (RuTPU)RU\TPU\subj\59922  |9 77416 
610 1 |a физика 
610 1 |a теплофизика 
610 1 |a конденсированные среды 
610 1 |a жидкое стекло 
610 1 |a английский язык 
675 |a 536.7  |v 3 
700 1 |a Leuzzi  |b L.  |g Luca 
701 1 |a Nieuwenhuizen  |b T. M.  |g Theo M. 
801 1 |a RU  |b 63413507  |c 20090227  |g PSBO 
801 2 |a RU  |b 63413507  |c 20090305  |g PSBO 
942 |c BK